LDR 01581naa#a2200277#i#450# 001 RU\\bibl\114010 005 20260430113523.4 011 ## _a1994-4683 100 ## _a20260429b2026####ek#y0rusy0150####ca 102 ## _aRU 200 1# _aСтили лидерства и профессиональная идентичность менеджеров на разных этапах профессионализации: различия и математическая модель дифференциации _eЖурнальная статья 210 1# _aМосква _cНациональный государственный Университет физической культуры, спорта и здоровья им. П.Ф. Лесгафта _d2026 215 ## _a7 с. 606 ## _aПсихологические науки. 37.00.00 _aПсихология. 37.03.01 _2local 608 ## _aЖурнальная статья _2local 675 ## _aПсихологические исследования. 159.9.07 _z 686 ## _aОбщая психология. 883 _2bbk 686 ## _aПсихология личности. 8837 _2bbk 686 ## _aПсихология. 83 _2tbk 686 ## _aОбщая психология. 831 _2tbk 686 ## _aПСИХОЛОГИЯ. 15.00 _2grnti 686 ## _aОбщая психология. 15.21 _2grnti 700 #1 _aДмитриева _gЮлия Александровна 700 #1 _aБорисова _gОльга Владимировна 700 #1 _aКолтунов _gЕвгений Иванович 856 4# _auchzapiski.lesgaft.spb.ru _u